LEADER 01134nam a2200265 u 4500 001 000000042725 003 CaOOAMICUS 005 20070226114346.0 008 990308s1958 xxc u000 u fre u 035 $a10816614 040 $aPUL(R)$bita 111 2 $aSemaines sociales du Canada (section française)$n(35 :$d1958 :$cMoncton).$0(OLS)http://pul/name/31343 245 13$aLe chef social :$bcompte rendu des cours et conférences. 260 $aMontréal :$bInstitut social populaire,$c1958. 300 $a206 p. ;$c25 cm 500 $aContiene indici. 504 $aBibliografia in nota. 650 4$aPotere (Scienze sociali).$0(OLS)http://pul/subject/16270 650 4$aPolitica sociale.$0(OLS)http://pul/subject/879 850 $aPUL 852 $aPUL$W1$xDP1 Cons. Gen., Altre Classi 1$y22$m44 B 35$j57677$nBK-PRI$b $qStampati$B57677$CPULBib$Z2$F57677 $H $81 941 1 $a8 961 $aINV: 39979 996 $6245$aLe chef social :$bcompte rendu des cours et conférences$9(OLS)http://pul/title/57638 996 $6260$aMontréal :$bInstitut social populaire$9(OLS)http://pul/publisher/58574 LEADER 01484nam a2200301 u 4500 001 000000060090 003 CaOOAMICUS 005 20070226120855.0 008 010713s1963 it u000 u ger u 035 $a10897256 040 $aPUL(R)$bita 100 1 $aVossenberg, Ewald Th. Van Den.$0(OLS)http://pul/name/41270 245 14$aDie letzten Gründe der Innerweltlichkeit in Nicolai Hartmanns Philosophie /$cEwald Th. Van Den Vossenberg. 260 $aRoma :$bGregorian University Press,$c1963. 300 $axviii, 228 p. ;$c24 cm 490 1 $aAnalecta Gregoriana ;$v130 490 1 $aAnalecta Gregoriana., Series Facultatis Philosophiae.$aSectio B ;$v12 600 14$aHartmann, Nicolai,$d1882-1950.$0(OLS)http://pul/subject/23252 710 2 $aPontificia Universitŕ Gregoriana.$0(OLS)http://pul/name/147 830 0$aAnalecta Gregoriana ;$v130.$0(OLS)http://pul/title/183 830 0$aAnalecta Gregoriana.$pSeries Facultatis Philosophiae.$nSectio B ;$v12.$0(OLS)http://pul/title/3880 850 $aPUL 852 $aPUL$W1$xSL Religione 2$y84$mTheol A1 130$j78298$nBK-PRI$b $qStampati altre collocazioni$B78298$CPULBib$Z2$F78298 $H $81 910 $aPontificia Universitas Gregoriana$9147 941 1 $a10 961 $aINV: 56028 996 $6245$aDie letzten Gründe der Innerweltlichkeit in Nicolai Hartmanns Philosophie$9(OLS)http://pul/title/80342 996 $6260$aRoma :$bGregorian University Press$9(OLS)http://pul/publisher/53856